<?xml version="1.0" encoding="UTF-8"?>
<collection xmlns:xsi="http://www.w3.org/2001/XMLSchema-instance" xsi:schemaLocation="http://www.loc.gov/MARC21/slim http://www.loc.gov/standards/marcxml/schema/MARC21slim.xsd" xmlns="http://www.loc.gov/MARC21/slim">
 <record>
  <leader>00000cam a22000004a 4500</leader>
  <controlfield tag="001">UP-8027390931316316296</controlfield>
  <controlfield tag="003">Buklod</controlfield>
  <controlfield tag="005">20190609102934.0</controlfield>
  <controlfield tag="006">a     r    |||| u|</controlfield>
  <controlfield tag="007">ta</controlfield>
  <controlfield tag="008">190609s        xx     d     r    |||| u|</controlfield>
  <datafield tag="035" ind1=" " ind2=" ">
   <subfield code="a">(iLib)UPMIN-00018559226</subfield>
  </datafield>
  <datafield tag="037" ind1=" " ind2=" ">
   <subfield code="b">UPCIDS</subfield>
   <subfield code="n">gift</subfield>
  </datafield>
  <datafield tag="040" ind1=" " ind2=" ">
   <subfield code="a">UPMin</subfield>
  </datafield>
  <datafield tag="090" ind1=" " ind2="0">
   <subfield code="a">HD 2087</subfield>
   <subfield code="b">C37 2018</subfield>
  </datafield>
  <datafield tag="100" ind1="1" ind2=" ">
   <subfield code="a">Capacio, Jane Lynn D.</subfield>
  </datafield>
  <datafield tag="245" ind1="1" ind2="0">
   <subfield code="a">Breaking barriers in agriculture financing</subfield>
   <subfield code="b">enhancing the resilience of agriculture value chains through interlinked inclusive financing models</subfield>
   <subfield code="c">Jane Lynn D. Capacio, Emmanuel S. De Dios, and Rob Van Tulder.</subfield>
  </datafield>
  <datafield tag="264" ind1=" " ind2="1">
   <subfield code="a">Quezon City</subfield>
   <subfield code="b">University of the Philippines Center for Integrative and Development Studies</subfield>
   <subfield code="c">2018.</subfield>
  </datafield>
  <datafield tag="300" ind1=" " ind2=" ">
   <subfield code="a">33 p.</subfield>
   <subfield code="b">ill.</subfield>
   <subfield code="c">22 cm.</subfield>
  </datafield>
  <datafield tag="504" ind1=" " ind2=" ">
   <subfield code="a">Includes bibliographical references.</subfield>
  </datafield>
  <datafield tag="520" ind1=" " ind2=" ">
   <subfield code="a">In the Philippines, smallholders need agriculture financing while banks are penalized for insufficiently lending to the agrarian and agriculture sectors. This finance gap proves difficult to fill for a number of reasons: (a) limited understanding of the conditions under which smallholders can become and stay competitive; (b) limited appreciation of the resilience of value chains; (c) difficulty in assessing and mitigating risks at all levels of value chains; and (d) non-aligned business model of financial institutions with the demands of inclusive value chains. Drawing from EMIT C4C?s action research on the Farmer Entrepreneurship Program (FEP) of the Jollibee Group Foundation and the SKK Rice Processing Center, a social enterprise partner of PinoyME Foundation, this paper unearths how formal financing flow to smallholders in inclusive and competitive value chains. In the models, interlinked transactions?contracts where smallholders borrow resources for production capital on condition that they will sell part of their harvest to their cooperative or off-taker?were utilized. Unlike trader-lenders who also use interlinked transactions, ?interlinked inclusive financing? has mechanisms that improve the financial institutions? assessment of lending costs and risks. This paper offers key recommendations for banks, government agencies, and other stakeholders and identifies areas for further research.</subfield>
  </datafield>
  <datafield tag="650" ind1=" " ind2="0">
   <subfield code="a">Agriculture</subfield>
   <subfield code="x">Economic aspects</subfield>
   <subfield code="z">Philippines.</subfield>
  </datafield>
  <datafield tag="650" ind1=" " ind2="0">
   <subfield code="a">Agriculture</subfield>
   <subfield code="z">Philippines</subfield>
   <subfield code="x">Finance.</subfield>
  </datafield>
  <datafield tag="650" ind1=" " ind2="0">
   <subfield code="a">Agriculture and state</subfield>
   <subfield code="z">Philippines.</subfield>
  </datafield>
  <datafield tag="650" ind1=" " ind2="0">
   <subfield code="a">Capitalism</subfield>
   <subfield code="z">Philippines.</subfield>
  </datafield>
  <datafield tag="700" ind1="1" ind2=" ">
   <subfield code="a">De Dios, Emmanuel S., joint author.</subfield>
  </datafield>
  <datafield tag="700" ind1="1" ind2=" ">
   <subfield code="a">Tulder, Rob Van, joint author.</subfield>
  </datafield>
  <datafield tag="856" ind1=" " ind2=" ">
   <subfield code="u">https://cids.up.edu.ph/publications/discussion-papers/2018-series/18-007</subfield>
  </datafield>
  <datafield tag="905" ind1=" " ind2=" ">
   <subfield code="a">FI</subfield>
  </datafield>
  <datafield tag="852" ind1="0" ind2=" ">
   <subfield code="a">UPMIN</subfield>
   <subfield code="b">UPMIN-MAIN</subfield>
   <subfield code="h">HD 2087</subfield>
   <subfield code="i">C37 2018</subfield>
  </datafield>
  <datafield tag="942" ind1=" " ind2=" ">
   <subfield code="a">Book</subfield>
  </datafield>
 </record>
</collection>
